=LDR 00000nam 2200000 4500 =001 NUTBA000000000001091 =005 20140411170534.0 =006 =007 =008 =020 ##$$a 978-979-769-431-9 =035 ##$$a 0010-041400000000361 =082 ##$$a 370.114 =090 ##$$a 370.114 Suk p =100 ##$$a Adisusilo, Sutarjo $q Sutarjo Adisusilo, J.R. =245 ##$$a Pembelajaran Nilai-Karakter $b Konstruktivisme dan VCT sebagai Inovasi Pendekatan Pembelajaran Afektif =250 ##$$a Ed.I =260 ##$$a Jakarta $b rajawali pers $c 2013 =300 ##$$a XII,266 HLM $c 21 cm =850 ##$$a NBPNMAT =990 ##$$a 91361/BPAP-NTB/2014 =990 ##$$a 91467/BPAP-NTB/2014 =990 ##$$a 92229/BPAP-NTB/2014 =990 ##$$a 93485/BPAP-NTB/2014